000 01123nam a22001937a 4500
003 JO-AjAnu
005 20240908120743.0
008 240908b jo ||||| |||| 00| 0 ara d
040 _aJO-AjAnu
_cJO-AjAnu
041 _aara
100 1 _aبني يونس، بشار مالك بسام
_966146
_eمعد
245 1 _aاتجاهات الطلبة العاديين وأولياء أمورهم نحو دمج طلبة ذوي صعوبات التعلم في الصفوف العادية = Attitudes of Ordinary Students and their Parents Towards Integrating Students with Learning Disabilities into Regular Classes /
_cإعداد بشار مالك بسام بني يونس ؛ إشراف خالد احمد عبيدات
260 _c2024
300 _a106ورقة
500 _a رسالة جامعية (ماجستير) .- جامعة عجلون الوطنية (عجلون، الأردن)، كلية العلوم التربوية قسم تخصص صعوبات التعلم، 2024
650 7 0 _aدمج ذوي صعوبات التعلم
_966147
700 1 _aعبيدات، خالد احمد
_965487
_eمشرف
942 _2lcc
_cTHS
_n0
999 _c33646
_d33646